[Event "Parla op 25th"]
[Site "Parla"]
[Date "2010.09.10"]
[Round "7"]
[White "Sanchez Guijaldo, Demetrio"]
[Black "Pina Sierra, Jesus"]
[Result "0-1"]
[WhiteElo "2128"]
[BlackElo "2021"]
[PlyCount "77"]
[EventDate "2010.09.04"]
[EventType "swiss"]
[EventRounds "9"]
[EventCountry "ESP"]
[SourceTitle "CBM 138 Extra"]
[Source "ChessBase"]
[SourceDate "2010.10.29"]
[SourceVersion "1"]
[SourceVersionDate "2010.10.29"]
[SourceQuality "1"]

1. e4 c5 2. Nf3 Nc6 3. Bb5 e6 4. Bxc6 bxc6 5. d3 g6 6. 0-0 Bg7 7. Nc3 Ne7 8. Be3 d6 9. Qd2 e5 10. Bh6 0-0 11. h3 f5 12. Bxg7 Kxg7 13. exf5 Bxf5 14. Nh2 Nd5 15. Nxd5 cxd5 16. f4 Qh4 17. fxe5 dxe5 18. Nf3 Qg3 19. Qe1 Qxe1 20. Raxe1 e4 21. dxe4 dxe4 22. Ng5 Rae8 23. g4 h6 24. gxf5 hxg5 25. fxg6 Rxf1+ 26. Kxf1 Kxg6 27. Kf2 Kf5 28. Ke3 Rh8 29. Rf1+ Ke5 30. Rh1 Rh4 31. Kf2 g4 32. Kg2 gxh3+ 33. Kg3 Rh7 34. Rh2 Kd4 35. Kf2 Rf7+ 36. Ke2 Rf3 37. Kd2 Rg3 38. Ke1 Rg1+ 39. Kf2 0-1

[Event "Parla 25 Jubilee op"]
[Site "Parla"]
[Date "2008.09.12"]
[Round "7"]
[White "Sanchez Guijaldo, Demetrio"]
[Black "Camarero Izquierdo, Juan Carlos"]
[Result "1-0"]
[WhiteElo "2141"]
[BlackElo "1928"]
[PlyCount "91"]
[EventDate "2008.09.06"]
[EventType "swiss"]
[EventRounds "9"]
[EventCountry "ESP"]
[SourceTitle "CBM 126 Extra"]
[Source "ChessBase"]
[SourceDate "2008.11.05"]
[SourceVersion "1"]
[SourceVersionDate "2008.11.05"]
[SourceQuality "1"]

1. e4 c5 2. Nf3 d6 3. d4 cxd4 4. Nxd4 Nf6 5. f3 e6 6. c4 Nxe4 7. fxe4 Qh4+ 8. Ke2 Qxe4+ 9. Be3 e5 10. Nf3 Bg4 11. Kf2 Be7 12. h3 Bh5 13. Nc3 Qc6 14. Qd5 Bxf3 15. Qxf3 Qd7 16. Bd3 0-0 17. g4 Bh4+ 18. Kg2 Nc6 19. Nd5 Rae8 20. Be4 Ne7 21. Nxe7+ Qxe7 22. Rhf1 b6 23. Rad1 Rc8 24. b3 Rc7 25. Bf2 Bg5 26. h4 Bf4 27. Bg3 g5 28. hxg5 Bxg5 29. Qf5 f6 30. Rh1 a6 31. Rh5 b5 32. Rdh1 h6 33. Qg6+ Qg7 34. Bd5+ Rff7 35. Bxf7+ Rxf7 36. Qxg7+ Kxg7 37. Bh4 Bf4 38. Rf5 bxc4 39. bxc4 Rb7 40. Rxf6 Rb2+ 41. Kf3 Rxa2 42. Rxd6 Ra3+ 43. Ke4 a5 44. Rb1 Re3+ 45. Kf5 Bg5 46. Rd7+ 1-0

[Event "Parla 25 Jubilee op"]
[Site "Parla"]
[Date "2008.09.07"]
[Round "2"]
[White "Vera Gonzalez Quevedo, Reynaldo"]
[Black "Sanchez Guijaldo, Demetrio"]
[Result "1-0"]
[WhiteElo "2493"]
[BlackElo "2141"]
[PlyCount "115"]
[EventDate "2008.09.06"]
[EventType "swiss"]
[EventRounds "9"]
[EventCountry "ESP"]
[SourceTitle "CBM 126 Extra"]
[Source "ChessBase"]
[SourceDate "2008.11.05"]
[SourceVersion "1"]
[SourceVersionDate "2008.11.05"]
[SourceQuality "1"]

1. d4 e6 2. c4 d5 3. Nc3 Nf6 4. Nf3 Nbd7 5. cxd5 exd5 6. Bf4 c6 7. e3 Be7 8. h3 Nf8 9. Bd3 Ng6 10. Bh2 Bd6 11. Bxd6 Qxd6 12. Qc2 Bd7 13. Rb1 0-0 14. b4 b6 15. 0-0 Rfe8 16. Rfd1 Rac8 17. Rdc1 Qe7 18. Ba6 Rb8 19. a4 Qd6 20. Bd3 Rbc8 21. Qa2 Ne7 22. a5 Bf5 23. Bxf5 Nxf5 24. axb6 axb6 25. Qa6 Rb8 26. Rc2 Ne7 27. Ne2 Nd7 28. Nf4 Ra8 29. Qf1 b5 30. Nd3 Ra3 31. Nc5 Nxc5 32. Rxc5 Rea8 33. Ne5 f6 34. Nd3 Qd7 35. Rbc1 Ra2 36. R5c3 R8a3 37. g4 Qa7 38. Kg2 Ra1 39. Rxa1 Rxa1 40. Qe2 Qa2 41. Rc2 Qa3 42. Qd2 Kf7 43. Rc3 Qa4 44. Rc2 Qa3 45. f4 Qa8 46. f5 Qa4 47. Nc5 Qa3 48. Qc3 Qa7 49. Ne6 Ra3 50. Qd2 Qa8 51. Qf2 g6 52. Qf4 Qa4 53. Rf2 g5 54. Qd6 Qa8 55. h4 h6 56. hxg5 hxg5 57. Nxg5+ fxg5 58. f6 1-0

[Event "Parla 25 Jubilee op"]
[Site "Parla"]
[Date "2008.09.06"]
[Round "1"]
[White "Sanchez Guijaldo, Demetrio"]
[Black "Perez Alvarez, Javier"]
[Result "1-0"]
[WhiteElo "2141"]
[BlackElo "1727"]
[PlyCount "125"]
[EventDate "2008.09.06"]
[EventType "swiss"]
[EventRounds "9"]
[EventCountry "ESP"]
[SourceTitle "CBM 126 Extra"]
[Source "ChessBase"]
[SourceDate "2008.11.05"]
[SourceVersion "1"]
[SourceVersionDate "2008.11.05"]
[SourceQuality "1"]

1. e4 e6 2. d4 d5 3. exd5 exd5 4. Nf3 h6 5. Bd3 Bd6 6. 0-0 Qf6 7. Ne5 Ne7 8. Nc3 c6 9. f4 Bf5 10. Ne2 Bxd3 11. Qxd3 0-0 12. Ng3 c5 13. dxc5 Bxc5+ 14. Be3 Bxe3+ 15. Qxe3 Nbc6 16. Qb3 Nxe5 17. fxe5 Qc6 18. Rad1 Nc8 19. Qxd5 Qxd5 20. Rxd5 Nb6 21. Rd4 Rfe8 22. Re1 Rac8 23. c3 Rc5 24. Rde4 Re6 25. Nf5 Nc4 26. b3 Nxe5 27. b4 Nf3+ 28. gxf3 Rxf5 29. Rxe6 fxe6 30. Kf2 Kf7 31. Re4 Rh5 32. h4 g5 33. hxg5 Rxg5 34. c4 b6 35. a4 Rh5 36. Kg2 Rg5+ 37. Kf2 a5 38. b5 Rh5 39. Kg2 Rg5+ 40. Rg4 Re5 41. Kf2 Rh5 42. Ke3 Rh1 43. Kd4 Ra1 44. Ke5 h5 45. Rf4+ Ke7 46. Rf6 Rxa4 47. Rxe6+ Kd7 48. Rd6+ Kc7 49. Rc6+ Kb7 50. Kd5 Ra3 51. Rf6 h4 52. Rf7+ Kb8 53. Kc6 Rc3 54. Rf4 a4 55. Kxb6 Kc8 56. Rxh4 Rxf3 57. c5 a3 58. c6 Rd3 59. Ra4 Kd8 60. Ra8+ Ke7 61. c7 a2 62. Rxa2 Rc3 63. Kb7 1-0